00917nam a2200277 a 4500001001000000003000900010005001700019007000300036008004100039020001800080040002500098082001300123100005300136245008300189260003600272300002000308490002500328500006900353504002600422650002800448650003700476650003500513650004400548700002100592830002600613000046172DO-SdBNP20221130081215.0ta150701s1972 dr 000 0 spa d a9789945911046 aDO-SdBNPbspacBNPHU 4222bJ58h aJesús, Elvis de,q(Elvis de Jesús de León)10aHebraísmos en las escrituras:bparte 1. /cElvis de Jesús, Ángel Duarte. aSanto Domingo :bTaller,c1972. a47 p. ;c21 cm.1 aBiblioteca Tallerv1 aIncluye datos biográficos de los autores en la contracubierta. aBibliografía: p. 47 4aUso de la Lengua hebrea 4aLenguaje y LenguasxHebraísmos 4aLenguaje y LenguaxEnseñanza 4aBiblia- Lenguaje y EstiloxHebraísmos1 aDuarte, Ángel. 0aBiblioteca Taller.v1